000 00637cam a22002291 4500
001 rc 01000880
003 DLC
005 20260227111901.0
008 871001s1883 cauab 000 0 eng
010 _arc 01000880
035 _a(OCoLC)16797089
040 _aDLC
_cCLU
_dDLC
042 _apremarc
050 0 0 _aF867
_b.R5
100 1 _aRice, George.
245 1 0 _aSouthern California illustrated.
260 _aLos Angeles, Cal.,
_bG. Rice
_c[1883]
300 _a64 p.
_billus. (incl. map)
_c31 cm.
500 _aCover-title.
500 _aIncluding advertising matter.
651 0 _aCalifornia, Southern
_xDescription and travel.
999 _c51938
_d51938